000 00861cab a2200253 4500
001 ABS54056
008 090401t1995 xxu||||| |||| 00| 0 eng d
035 _a(Sirsi) u8172
041 _aeng
100 _aIsack, F.
245 _aMeeting South Africa`s thirst for progress
260 _c1995
350 _a0
490 _aConstruction News
_v(6440) 9 November 1995, 23-24(2)
520 _aConsiders the investment programme in South Africa to bring water supplies to all of its citizens, with potential opportunities for UK contractors. Statistics on SA population, water and sewerage expenditure and map of the area.
650 _aCONSTRUCTION MARKET
650 _aINFRASTRUCTURE MARKET
650 _aSOUTH AFRICA
650 _aSTATISTICS
650 _aWATER SUPPLY
690 _aOVERSEAS-REST OF THE WORLD
942 _n0
948 _c04/03/1997
999 _c4992
_d4992